Perlembagaan kita

Bibliographic Details
Main Author: Hashim Yeop A. Sani
Format: Book
Published: Kuala Lumpur : Malaysian Law Publishers , 1983
Subjects:

MARC

LEADER 00000cam a2200000 7i4500
001 0000000194
005 20050426.0
040 |a INS 
090 0 0 |a RJQ719.A2   |b H344 1983 
100 1 |a Hashim Yeop A. Sani 
245 1 0 |a Perlembagaan kita   |c oleh Hashim Yeop A. Sani 
260 |a Kuala Lumpur :   |b Malaysian Law Publishers ,   |c 1983 
300 |a 236p ;   |c 18cm. 
650 0 0 |a Constitutions, State   |z Malaysia   |a Constitutional Law 
999 |a 0000001403   |b BOOK   |c Open Shelf   |e Default branch